000 00643nam a2200217Ii 4500
003 JO-AjNU
008 230605s9999||||xx |||||||||||||| ||und||
017 _a2004/4/1000
040 _aJO-AjNU
_bara
_erda
_cJO-AjNU
041 _aara
050 1 4 _aPJ8061.N3248 2004
100 3 _aإعداد نادر،جمال,
_eauthor
_918850
245 0 0 _a 150قصة مؤثرة من الواقع
250 _aط1
264 3 1 _aعمان: دا الإسراء، 2004
300 _a80ص
336 _atext
_btxt
_2rdacontent
337 _aunmediated
_bn
_2rdamedia
338 _avolume
_bnc
_2rdacarrier
650 4 _aالأدب العربي - قصص
_918851
999 _aA6106
_c9674
_d9674